GCCI bulletin (Record no. 23070)

MARC details
000 -LEADER
fixed length control field 00481nam a22001337a 4500
005 - DATE AND TIME OF LATEST TRANSACTION
control field 20090205115841.0
008 - FIXED-LENGTH DATA ELEMENTS--GENERAL INFORMATION
fixed length control field 090205t xxu||||| |||| 00| 0 eng d
245 ## - TITLE STATEMENT
Title GCCI bulletin
Remainder of title Goa chamber of Commerce and Industry
260 ## - PUBLICATION, DISTRIBUTION, ETC. (IMPRINT)
Place of publication, distribution, etc Panji
Name of publisher, distributor, etc Goa chamber of Commerce and Industry
Date of publication, distribution, etc 2008-
300 ## - PHYSICAL DESCRIPTION
Extent v.
Dimensions 26 cm
310 ## - CURRENT PUBLICATION FREQUENCY
Current publication frequency monthly
270 ## - ADDRESS
Address PO Box No. 59, N R Bandekar Bhavan, Rude Ormuz Panji
City Panji
Postal code 403001
Telephone number 832-2424252
Fax number 832-2425560
Electronic mail address goachamber@gmail.com
942 ## - ADDED ENTRY ELEMENTS (KOHA)
Source of classification or shelving scheme Dewey Decimal Classification
Item type Periodicals
Serial record 1

No items available.


© Delhi Public Library
Hit Counter
free hit counter